01224nam a2200277 i 4500001001000000003000900010005001700019007000300036008004100039040003000080082000700110100004200117245013100159264003800290300005400328336002700382337003300409338002800442500007300470504003200543590002600575942001400601952012300615952019100738999001700929000038113DO-SdBNP20240516154049.0ta130314s2001 dr ac 000 0 spa d aDO-SdBNPbspacBNPHUerda 42221 aPuello Báez, Ramón,930223eautor10aCrónicas de San Cristóbal :breseñas de acontecimientos notables del Siglo XX sancristobalense /cRamón Puello Báez. aSanto Domingo :bCorripio,c2001. a504 páginas :bilustraciones, retratos;c25 cm. 2rdacontentatextobtxt 2rdamediaasin mediaciónbn 2rdacarrieravolumenbnc aIncluye referencias bibliográficas y notas al pie de las páginas aBibliografía : p. 539-541 aInventariado, 2024/BT 2ddccLBS1 00102ddc51708PDaBNPHUbBNPHUcCTd2013-03-14l0o BNPHU PD p38113-10r2020-06-25w2020-06-25yLBS1ZNo se presta 00102ddc51708PDaBNPHUbBNPHUcCTd2024-05-16eDonaciónl0oBNPHU PD p2024-3011r2024-05-16te.2w2024-05-16yLBS1zPerteneció a la biblioteca personal de Emilio Cordero Michel. c37603d37603